Republic of Latvia : Selected Issues.

This Selected Issues paper analyzes labor market challenges in Latvia. In the boom period leading up to the global financial crisis, the economy experienced widespread labor shortages and soaring wage growth. The bursting of the bubble led to a deep recession, high unemployment, and a sharp contract...

Descrizione completa

Dettagli Bibliografici
Ente Autore: International Monetary Fund. European Dept
Natura: Periodico
Lingua:English
Pubblicazione: Washington, D.C. : International Monetary Fund, 2018.
Serie:IMF Staff Country Reports; Country Report ; No. 2018/267
Accesso online:Full text available on IMF
LEADER 02253cas a2200241 a 4500
001 AALejournalIMF018752
008 230101c9999 xx r poo 0 0eng d
020 |c 5.00 USD 
020 |z 9781484375310 
022 |a 1934-7685 
040 |a BD-DhAAL  |c BD-DhAAL 
110 2 |a International Monetary Fund.  |b European Dept. 
245 1 0 |a Republic of Latvia :   |b Selected Issues. 
264 1 |a Washington, D.C. :  |b International Monetary Fund,  |c 2018. 
300 |a 1 online resource (47 pages) 
490 1 |a IMF Staff Country Reports 
500 |a <strong>Off-Campus Access:</strong> No User ID or Password Required 
500 |a <strong>On-Campus Access:</strong> No User ID or Password Required 
506 |a Electronic access restricted to authorized BRAC University faculty, staff and students 
520 3 |a This Selected Issues paper analyzes labor market challenges in Latvia. In the boom period leading up to the global financial crisis, the economy experienced widespread labor shortages and soaring wage growth. The bursting of the bubble led to a deep recession, high unemployment, and a sharp contraction in wages. With the economy now in its eighth year of recovery, Latvia is once again experiencing a tightening labor market-a situation exacerbated by unfavorable demographic trends. Latvia's future prosperity will depend critically on whether it is able to address its labor market challenges. Employment protection legislation (EPL) is relatively restrictive. EPL refers to the procedures and costs associated with hiring and dismissing workers. Theory suggests that overly restrictive EPL reduces both job creation and job destruction and may slow productivity growth by raising labor adjustment costs for firms. Latvia's tightening labor market calls for reforms that make the most of the country's human resources. Reforms should aim to tackle barriers to employment, encourage more labor market participation, help Latvia's citizens build new skills, and stem the decline in the working-age population. 
538 |a Mode of access: Internet 
830 0 |a IMF Staff Country Reports; Country Report ;  |v No. 2018/267 
856 4 0 |z Full text available on IMF  |u http://elibrary.imf.org/view/journals/002/2018/267/002.2018.issue-267-en.xml  |z IMF e-Library